| 000 | 00392nam a2200157 a 4500 | ||
|---|---|---|---|
| 082 | 0 | 0 |
_a297.09 _bHIT |
| 100 | _aHitti, Philip K | ||
| 245 | _aThe Arabs: A Short History | ||
| 260 |
_aLondon _bMacmillan and Co. _c1956 |
||
| 300 | _a212p | ||
| 500 | _aincludes index and biblioraphy | ||
| 505 | 2 | _aIndex | |
| 650 |
_aArabs-history _aIslamic-history |
||
| 700 | 1 | _aHitti, Philip K | |
| 942 | _cBK | ||
| 999 |
_c2680 _d2680 |
||